LEADER 01011nam a2200229 i 4500 001 991003929729707536 008 081002s2007 it b 110 0 ita d 020 $a9788849514445 035 $ab13773094-39ule_inst 040 $aDip.to Studi Giuridici$bita 110 2 $aAccademia romanistica costantiniana.$bConvegno internazionale$n<16th :$d2007 :$cPerugia>$0240708 245 10$aAtti dell'Accademia romanistica costantiniana :$b16. Convegno internazionale in onore di Manuel J. Garcia Garrido 260 $aNapoli :$bEdizioni scientifiche italiane,$c2007 300 $a647 p. ;$c24 cm 600 14$aGarcia Garrido, Manuel J. 650 4$aDiritto romano$xStoria$vCongressi 907 $a.b13773094$b28-01-14$c02-10-08 912 $a991003929729707536 945 $aLE027 R-XXII 1 (xvi)$g1$i2027000213696$lle027$o-$pE60.00$q-$rn$so $t0$u0$v0$w0$x0$y.i14876280$z12-11-08 996 $aAtti dell'Accademia romanistica costantiniana$9243398 997 $aUNISALENTO 998 $ale027$b02-10-08$cm$da $e-$fita$git $h0$i0